00401nam a2200157Ia 45000010006000000050017000060080041000230410008000640820019000721000025000912450074001162600009001903000028001996500008002276540008002351860420260306171643.0260306s9999||||xx |||||||||||||| ||und|| aESP a658.4092bD278 aDrucker, Peter,eAUT 0aLas 5 claves de Peter Drucker :bel liderazgo que marca la diferencia c2016 a136 páginas :c22 cm. aGEN aCAN